| 000 | 00620 a2200205 4500 | ||
|---|---|---|---|
| 020 | _a1573922102 | ||
| 040 |
_aDLC _bDLC |
||
| 082 | 0 | 0 | _a191 |
| 100 | 1 | _aSantayana, George, | |
| 245 | 1 | 4 |
_aThe life of reason _cGeorge Santayana. |
| 260 |
_aAmherst, N.Y. : _bPrometheus Books, _c1998. |
||
| 300 | _ap. cm. | ||
| 440 | 0 | _aGreat books in philosophy | |
| 500 | _aOriginally published in 5 v.: The Life of reason, or, The phases of human progress. New York : C. Scribner's Sons, 1905-06. | ||
| 500 | _aIncludes index. | ||
| 650 | 0 | _aReason. | |
| 650 | 0 | _aPhilosophy. | |
| 650 | 0 | _aProgress. | |
| 942 |
_cBK _k191 SAN _2ddc |
||
| 999 |
_c7028 _d7028 |
||